Normal view
MARC view
- Balani N. & Rajeev H
Entry Personal Name
001 - CONTROL NUMBER
- control field: 191454
003 - CONTROL NUMBER IDENTIFIER
- control field: OSt
005 - DATE AND TIME OF LATEST TRANSACTION
- control field: 20230714213558.0
008 - FIXED-LENGTH DATA ELEMENTS
- fixed length control field: 230714|| aca||aabn | a|a d
040 ## - CATALOGING SOURCE
- Original cataloging agency: OSt
- Transcribing agency: OSt
100 ## - HEADING--PERSONAL NAME
- Personal name: Balani N. & Rajeev H
670 ## - SOURCE DATA FOUND
- Source citation: Work cat.: (OSt)201075: Balani N. 173933, Apache CXF Web Service Development:, 2010